| 000 | 00620nam a22002057a 4500 | ||
|---|---|---|---|
| 003 | OSt | ||
| 005 | 20250718094326.0 | ||
| 008 | 250718b |||||||| |||| 00| 0 eng d | ||
| 020 | _a978-1-77469-7 66-5 | ||
| 040 |
_aDWC-Main Lib _cOC |
||
| 082 | _aRes. 005.73 D896g 2024 | ||
| 100 | _aGupta, Shubham | ||
| 245 |
_aData structures and algorithms/ _cShubham Gupta |
||
| 260 |
_aBurlington, Canada : _bToronto Academic press, _cc2024. |
||
| 300 |
_axiii, 223 pages : _billustrations ; _c26cm. |
||
| 504 | _aIncludes index. | ||
| 650 | _a1. Algorithm. | ||
| 650 | _a2. Data structure | ||
| 942 |
_2ddc _cBK-0 CIRC _kRes. _n0 |
||
| 999 |
_c3781 _d3781 |
||